000 01174nam a22003377a 4500
003 CHAP
005 20220329133600.0
008 971013s1993 r 00010 d
010 _a8168
011 _a9140
035 _a8374
040 _cCHAP
090 _aTesis
100 0 0 _aDurán López, José Luis.
_934686
245 _aEfecto de mezclas fertilizantes aplicadas al suelo y al follaje en frijol (Phaseolus vulgaris L.) para la corrección de clorosis férrica
260 _aChapingo, Méx. :
_bEl autor,
_c1993
300 _a61 h
502 _aTesis (Ing. Agr. Esp. en Suelos) -- UACH. Departamento de Suelos
590 _aALEPH
_b10
_c20130110
_lUCH01
_h1221
590 _aBATCH-UPD
_b10
_c20130110
_lUCH01
_h1202
590 _aBATCH-UPD
_b10
_c20130410
_lUCH01
_h0744
590 _aBATCH-UPD
_b10
_c20130914
_lUCH01
_h0950
590 _aCONVERSION
_b10
_c20130109
_lUCH01
_h1306
650 1 4 _aClorosis.
_923902
650 1 4 _aFertilizantes
_xEfecto en frijol.
_940511
650 1 4 _aFertilizantes
_xEfecto en suelos.
_940553
650 1 4 _aPlantas
_xDeficiencias nutritivas.
_988812
901 _aBK
942 _cTESIS
949 _bBC
_cTES
_d-18560
_eTS1
_h26338
_i8374
_si
999 _c8168
_d8168